Shortest Words - K - Statistics

General Stats
  • This quiz has been taken 16 times
  • The average score is 25 of 31
Answer Stats
Answer % Correct
key
100%
ka
93%
ken
93%
ki
93%
kin
93%
kip
93%
kas
87%
kat
87%
kis
87%
kit
87%
kab
80%
kae
80%
kaf
80%
kay
80%
kep
80%
kid
80%
kir
80%
kob
80%
koi
80%
kop
80%
kor
80%
kef
73%
keg
73%
kex
73%
kif
73%
kos
73%
kea
67%
koa
67%
kue
67%
kye
60%
khi
47%
No matching quizzes found
Score Distribution
Percent of People with Each Score
Percentile by Number Answered
Your Score History
You have not taken this quiz